[Event "April 9 Early 2024"]
[Site "Chess.com"]
[Date "2024.04.09"]
[Round "3"]
[White "Zafirakos, Jesse"]
[Black "Sahib Singh"]
[Result "0-1"]
[Board "151"]
[WhiteFideId "3236200"]
[BlackFideId "25618342"]
[WhiteTitle "CM"]
[BlackTitle "FM"]
[WhiteElo "2446"]
[BlackElo "2627"]
[WhiteTeam "AUS"]
[BlackTeam "IND"]
[WhiteClock "0:00:10"]
[BlackClock "0:00:06"]
[Variant "Standard"]

1. c3 {[%clk 0:02:53]}  d5 {[%clk 0:02:52]} 2. d4 {[%clk 0:02:52]}  Nf6 {[%clk 0:02:51]} 3. Nf3 {[%clk 0:02:51]}  g6 {[%clk 0:02:46]} 4. g3 {[%clk 0:02:51]}  Bg7 {[%clk 0:02:45]} 5. Bg2 {[%clk 0:02:52]}  O-O {[%clk 0:02:46]} 6. O-O {[%clk 0:02:52]}  a5 {[%clk 0:02:45]} 7. a4 {[%clk 0:02:52]}  b6 {[%clk 0:02:42]} 8. Na3 {[%clk 0:02:49]}  Nbd7 {[%clk 0:02:41]} 9. Nc2 {[%clk 0:02:46]}  Ba6 {[%clk 0:02:33]} 10. Re1 {[%clk 0:02:45]}  e6 {[%clk 0:02:33]} 11. Bf4 {[%clk 0:02:43]}  Nh5 {[%clk 0:02:30]} 12. Bc1 {[%clk 0:02:42]}  f5 {[%clk 0:02:26]} 13. Ng5 {[%clk 0:02:40]}  Qe7 {[%clk 0:02:20]} 14. b3 {[%clk 0:02:33]}  h6 {[%clk 0:02:18]} 15. Nh3 {[%clk 0:02:32]}  Nhf6 {[%clk 0:02:13]} 16. Nf4 {[%clk 0:02:22]}  Qf7 {[%clk 0:02:11]} 17. Nd3 {[%clk 0:02:17]}  c5 {[%clk 0:02:02]} 18. Bb2 {[%clk 0:02:11]}  c4 {[%clk 0:01:45]} 19. bxc4 {[%clk 0:02:10]}  Bxc4 {[%clk 0:01:46]} 20. Na3 {[%clk 0:02:02]}  Rfc8 {[%clk 0:01:43]} 21. Nxc4 {[%clk 0:02:01]}  Rxc4 {[%clk 0:01:42]} 22. Qb3 {[%clk 0:01:55]}  Rac8 {[%clk 0:01:41]} 23. e3 {[%clk 0:01:51]}  Ne4 {[%clk 0:01:41]} 24. Rac1 {[%clk 0:01:51]}  R4c7 {[%clk 0:01:30]} 25. f3 {[%clk 0:01:44]}  Nd2 {[%clk 0:01:30]} 26. Qd1 {[%clk 0:01:37]}  Nc4 {[%clk 0:01:30]} 27. Ba1 {[%clk 0:01:38]}  h5 {[%clk 0:01:18]} 28. Nb2 {[%clk 0:01:35]}  Bh6 {[%clk 0:01:14]} 29. Nxc4 {[%clk 0:01:27]}  Rxc4 {[%clk 0:01:14]} 30. Rb1 {[%clk 0:01:26]}  h4 {[%clk 0:00:59]} 31. e4 {[%clk 0:01:21]}  hxg3 {[%clk 0:00:58]} 32. hxg3 {[%clk 0:01:21]}  dxe4 {[%clk 0:00:35]} 33. fxe4 {[%clk 0:01:21]}  f4 {[%clk 0:00:35]} 34. gxf4 {[%clk 0:01:15]}  Bxf4 {[%clk 0:00:30]} 35. Bf1 {[%clk 0:01:05]}  Bg3 {[%clk 0:00:24]} 36. Re2 {[%clk 0:01:02]}  Rf8 {[%clk 0:00:20]} 37. Rg2 {[%clk 0:00:56]}  Bf2+ {[%clk 0:00:20]} 38. Kh1 {[%clk 0:00:56]}  Rcc8 {[%clk 0:00:13]} 39. Qg4 {[%clk 0:00:49]}  Kg7 {[%clk 0:00:12]} 40. c4 {[%clk 0:00:44]}  Rh8+ {[%clk 0:00:12]} 41. Rh2 {[%clk 0:00:40]}  Rxh2+ {[%clk 0:00:09]} 42. Kxh2 {[%clk 0:00:41]}  Rh8+ {[%clk 0:00:09]} 43. Bh3 {[%clk 0:00:36]}  Rh4 {[%clk 0:00:08]} 44. Qg2 {[%clk 0:00:29]}  Qf4+ {[%clk 0:00:08]} 45. Kh1 {[%clk 0:00:27]}  Qe3 {[%clk 0:00:09]} 46. Kh2 {[%clk 0:00:20]}  Qf4+ {[%clk 0:00:08]} 47. Kh1 {[%clk 0:00:21]}  Qe3 {[%clk 0:00:09]} 48. Kh2 {[%clk 0:00:16]}  Rxe4 {[%clk 0:00:07]} 49. d5+ {[%clk 0:00:10]}  e5 {[%clk 0:00:07]} 50. Bxd7 {[%clk 0:00:10]}  Rh4+ {[%clk 0:00:07]} 51. Bh3 {[%clk 0:00:10]}  Qf4+ {[%clk 0:00:07]} 52. Kh1 {[%clk 0:00:11]}  Rxh3+ {[%clk 0:00:06]} 53. Qxh3 {[%clk 0:00:11]}  Qe4+ {[%clk 0:00:06]} 54. Qg2 {[%clk 0:00:09]}  Qh4+ {[%clk 0:00:06]} 55. Qh3 {[%clk 0:00:10]}  Qxh3# {[%clk 0:00:06]} 0-1

[Event "April 9 Early 2024"]
[Site "Chess.com"]
[Date "2024.04.09"]
[Round "3"]
[White "Tang, Zoey"]
[Black "Barria Zuniga, Daniel"]
[Result "0-1"]
[Board "153"]
[WhiteFideId "30952530"]
[BlackFideId "3400816"]
[WhiteTitle "FM"]
[BlackTitle "IM"]
[WhiteElo "2444"]
[BlackElo "2622"]
[WhiteTeam "USA"]
[BlackTeam "CHI"]
[WhiteClock "0:00:22"]
[BlackClock "0:01:09"]
[Variant "Standard"]

1. d4 {[%clk 0:03:00]}  g6 {[%clk 0:02:56]} 2. e4 {[%clk 0:03:00]}  Bg7 {[%clk 0:02:56]} 3. Nc3 {[%clk 0:03:01]}  c6 {[%clk 0:02:55]} 4. f4 {[%clk 0:03:01]}  Qb6 {[%clk 0:02:52]} 5. Nf3 {[%clk 0:03:00]}  d5 {[%clk 0:02:50]} 6. e5 {[%clk 0:02:57]}  Bg4 {[%clk 0:02:50]} 7. Be2 {[%clk 0:02:48]}  Nh6 {[%clk 0:02:47]} 8. O-O {[%clk 0:02:31]}  Nf5 {[%clk 0:02:43]} 9. Na4 {[%clk 0:02:23]}  Qa5 {[%clk 0:02:40]} 10. Nc5 {[%clk 0:02:16]}  Nd7 {[%clk 0:02:21]} 11. e6 {[%clk 0:02:05]}  Nxc5 {[%clk 0:02:18]} 12. exf7+ {[%clk 0:02:05]}  Kf8 {[%clk 0:02:17]} 13. dxc5 {[%clk 0:02:02]}  Bxf3 {[%clk 0:02:15]} 14. Bxf3 {[%clk 0:01:56]}  Qxc5+ {[%clk 0:02:15]} 15. Kh1 {[%clk 0:01:56]}  Kxf7 {[%clk 0:02:16]} 16. Re1 {[%clk 0:01:51]}  e6 {[%clk 0:02:13]} 17. c3 {[%clk 0:01:46]}  Rhe8 {[%clk 0:02:09]} 18. Qb3 {[%clk 0:01:40]}  b5 {[%clk 0:02:04]} 19. Bd2 {[%clk 0:01:35]}  a5 {[%clk 0:02:03]} 20. Rad1 {[%clk 0:01:31]}  a4 {[%clk 0:02:00]} 21. Qc2 {[%clk 0:01:30]}  h5 {[%clk 0:01:50]} 22. Be2 {[%clk 0:00:53]}  Bf6 {[%clk 0:01:27]} 23. Bd3 {[%clk 0:00:52]}  h4 {[%clk 0:01:17]} 24. Bxf5 {[%clk 0:00:50]}  exf5 {[%clk 0:01:13]} 25. Qd3 {[%clk 0:00:50]}  Re4 {[%clk 0:01:11]} 26. Be3 {[%clk 0:00:48]}  Qc4 {[%clk 0:01:10]} 27. Qd2 {[%clk 0:00:38]}  Rae8 {[%clk 0:01:09]} 28. Bf2 {[%clk 0:00:32]}  Re2 {[%clk 0:01:08]} 29. Rxe2 {[%clk 0:00:22]}  Rxe2 {[%clk 0:01:09]} 0-1

[Event "April 9 Early 2024"]
[Site "Chess.com"]
[Date "2024.04.09"]
[Round "3"]
[White "Darmanin, Jake"]
[Black "Skliarov, Viktor"]
[Result "0-1"]
[Board "154"]
[WhiteFideId "5601061"]
[BlackFideId "14106736"]
[WhiteTitle "CM"]
[BlackTitle "IM"]
[WhiteElo "2444"]
[BlackElo "2619"]
[WhiteTeam "MLT"]
[BlackTeam "UKR"]
[WhiteClock "0:00:00"]
[BlackClock "0:00:19"]
[Variant "Standard"]

1. e4 {[%clk 0:03:00]}  c5 {[%clk 0:02:59]} 2. Nf3 {[%clk 0:03:01]}  Nc6 {[%clk 0:02:59]} 3. c3 {[%clk 0:03:01]}  Nf6 {[%clk 0:02:58]} 4. d4 {[%clk 0:03:00]}  cxd4 {[%clk 0:02:55]} 5. cxd4 {[%clk 0:02:57]}  d5 {[%clk 0:02:47]} 6. e5 {[%clk 0:02:53]}  Ne4 {[%clk 0:02:44]} 7. Nc3 {[%clk 0:02:52]}  g6 {[%clk 0:01:54]} 8. Bb5 {[%clk 0:02:39]}  Bg7 {[%clk 0:01:47]} 9. O-O {[%clk 0:02:32]}  O-O {[%clk 0:01:46]} 10. Re1 {[%clk 0:02:24]}  Nxc3 {[%clk 0:01:11]} 11. bxc3 {[%clk 0:02:23]}  a6 {[%clk 0:01:11]} 12. Bd3 {[%clk 0:02:16]}  b5 {[%clk 0:01:10]} 13. a4 {[%clk 0:02:12]}  b4 {[%clk 0:01:03]} 14. cxb4 {[%clk 0:02:12]}  Nxb4 {[%clk 0:01:04]} 15. Be2 {[%clk 0:02:12]}  Bf5 {[%clk 0:01:00]} 16. Nh4 {[%clk 0:01:43]}  Bd7 {[%clk 0:00:47]} 17. Ba3 {[%clk 0:01:31]}  a5 {[%clk 0:00:47]} 18. Bb5 {[%clk 0:01:18]}  Rb8 {[%clk 0:00:33]} 19. Qe2 {[%clk 0:01:09]}  Bxb5 {[%clk 0:00:30]} 20. axb5 {[%clk 0:01:09]}  Qb6 {[%clk 0:00:30]} 21. Nf3 {[%clk 0:00:47]}  Qxb5 {[%clk 0:00:30]} 22. Qd2 {[%clk 0:00:37]}  e6 {[%clk 0:00:26]} 23. Rec1 {[%clk 0:00:33]}  Rfc8 {[%clk 0:00:26]} 24. Rcb1 {[%clk 0:00:30]}  Bf8 {[%clk 0:00:26]} 25. h4 {[%clk 0:00:28]}  h5 {[%clk 0:00:24]} 26. Qf4 {[%clk 0:00:22]}  Qd3 {[%clk 0:00:23]} 27. Ng5 {[%clk 0:00:17]}  Qf5 {[%clk 0:00:23]} 28. Qd2 {[%clk 0:00:13]}  Nc2 {[%clk 0:00:22]} 29. Bxf8 {[%clk 0:00:12]}  Nxa1 {[%clk 0:00:18]} 30. Rxa1 {[%clk 0:00:11]}  Rxf8 {[%clk 0:00:18]} 31. Qxa5 {[%clk 0:00:10]}  Rb1+ {[%clk 0:00:18]} 32. Rxb1 {[%clk 0:00:08]}  Qxb1+ {[%clk 0:00:19]} 33. Kh2 {[%clk 0:00:09]}  Qf5 {[%clk 0:00:19]} 34. g3 {[%clk 0:00:07]}  Qxf2+ {[%clk 0:00:19]} 35. Kh3 {[%clk 0:00:08]}  Qf5+ {[%clk 0:00:19]} 36. Kg2 {[%clk 0:00:00]}  Rc8 {[%clk 0:00:19]} 0-1

[Event "April 9 Early 2024"]
[Site "Chess.com"]
[Date "2024.04.09"]
[Round "3"]
[White "Martin Fuentes, Alberto"]
[Black "Chernomordik, Pavel"]
[Result "0-1"]
[Board "155"]
[WhiteFideId "2292289"]
[BlackFideId "2804530"]
[WhiteTitle "FM"]
[BlackTitle "FM"]
[WhiteElo "2616"]
[BlackElo "2441"]
[WhiteTeam "ESP"]
[BlackTeam "ISR"]
[WhiteClock "0:01:40"]
[BlackClock "0:01:17"]
[Variant "Standard"]

1. e4 {[%clk 0:02:55]}  g6 {[%clk 0:02:59]} 2. d4 {[%clk 0:02:54]}  Bg7 {[%clk 0:02:59]} 3. Be3 {[%clk 0:02:53]}  d6 {[%clk 0:02:58]} 4. Qd2 {[%clk 0:02:53]}  b6 {[%clk 0:02:53]} 5. Bd3 {[%clk 0:02:53]}  Bb7 {[%clk 0:02:52]} 6. Nc3 {[%clk 0:02:53]}  Nd7 {[%clk 0:02:50]} 7. h4 {[%clk 0:02:52]}  h6 {[%clk 0:02:49]} 8. f4 {[%clk 0:02:51]}  e5 {[%clk 0:02:41]} 9. h5 {[%clk 0:02:49]}  exd4 {[%clk 0:02:38]} 10. hxg6 {[%clk 0:02:50]}  dxc3 {[%clk 0:02:23]} 11. gxf7+ {[%clk 0:02:49]}  Kxf7 {[%clk 0:02:22]} 12. Bc4+ {[%clk 0:02:45]}  Kf8 {[%clk 0:02:21]} 13. bxc3 {[%clk 0:02:45]}  Ngf6 {[%clk 0:02:20]} 14. Nf3 {[%clk 0:02:42]}  Nxe4 {[%clk 0:02:18]} 15. Qd3 {[%clk 0:02:41]}  Bxc3+ {[%clk 0:02:03]} 16. Ke2 {[%clk 0:02:34]}  Bxa1 {[%clk 0:02:01]} 17. Rxa1 {[%clk 0:02:33]}  Qe7 {[%clk 0:01:55]} 18. Kf1 {[%clk 0:02:27]}  Re8 {[%clk 0:01:50]} 19. Bd4 {[%clk 0:02:23]}  Ndf6 {[%clk 0:01:43]} 20. Nh4 {[%clk 0:02:19]}  Rg8 {[%clk 0:01:37]} 21. Re1 {[%clk 0:02:09]}  Ng3+ {[%clk 0:01:28]} 22. Qxg3 {[%clk 0:02:02]}  Rxg3 {[%clk 0:01:26]} 23. Rxe7 {[%clk 0:02:03]}  Rxe7 {[%clk 0:01:22]} 24. Bxf6 {[%clk 0:01:55]}  Re4 {[%clk 0:01:21]} 25. Bd3 {[%clk 0:01:40]}  Rxf4+ {[%clk 0:01:17]} 0-1

[Event "April 9 Early 2024"]
[Site "Chess.com"]
[Date "2024.04.09"]
[Round "3"]
[White "Leve, Nitai"]
[Black "Titarov, Vasilii"]
[Result "0-1"]
[Board "156"]
[WhiteFideId "2006898"]
[BlackFideId "24280445"]
[BlackTitle "CM"]
[WhiteElo "2439"]
[BlackElo "2615"]
[WhiteTeam "USA"]
[BlackTeam "RUS"]
[WhiteClock "0:00:04"]
[BlackClock "0:00:16"]
[Variant "Standard"]

1. e4 {[%clk 0:03:00]}  Nf6 {[%clk 0:02:55]} 2. e5 {[%clk 0:02:48]}  Nd5 {[%clk 0:02:55]} 3. c4 {[%clk 0:02:49]}  Nb6 {[%clk 0:02:55]} 4. d4 {[%clk 0:02:49]}  d6 {[%clk 0:02:55]} 5. exd6 {[%clk 0:02:50]}  exd6 {[%clk 0:02:55]} 6. Nc3 {[%clk 0:02:51]}  Be7 {[%clk 0:02:55]} 7. h3 {[%clk 0:02:50]}  O-O {[%clk 0:02:56]} 8. Nf3 {[%clk 0:02:51]}  Bf6 {[%clk 0:02:55]} 9. Be3 {[%clk 0:02:50]}  Re8 {[%clk 0:02:56]} 10. Be2 {[%clk 0:02:51]}  Nc6 {[%clk 0:02:55]} 11. O-O {[%clk 0:02:52]}  Bf5 {[%clk 0:02:46]} 12. d5 {[%clk 0:02:52]}  Ne5 {[%clk 0:02:45]} 13. Nd4 {[%clk 0:02:51]}  Bd7 {[%clk 0:02:44]} 14. b3 {[%clk 0:02:49]}  a5 {[%clk 0:02:43]} 15. Qd2 {[%clk 0:02:49]}  a4 {[%clk 0:02:37]} 16. f4 {[%clk 0:02:18]}  Ng6 {[%clk 0:02:27]} 17. b4 {[%clk 0:02:18]}  Nh4 {[%clk 0:01:57]} 18. Rae1 {[%clk 0:02:01]}  Nf5 {[%clk 0:01:34]} 19. Nxf5 {[%clk 0:01:18]}  Bxf5 {[%clk 0:01:35]} 20. Bxb6 {[%clk 0:01:18]}  cxb6 {[%clk 0:01:33]} 21. Nb5 {[%clk 0:01:14]}  Bh4 {[%clk 0:01:23]} 22. Rd1 {[%clk 0:01:05]}  Qf6 {[%clk 0:01:01]} 23. Nc7 {[%clk 0:00:40]}  Rxe2 {[%clk 0:00:58]} 24. Qxe2 {[%clk 0:00:37]}  Rc8 {[%clk 0:00:58]} 25. Nb5 {[%clk 0:00:30]}  Bd7 {[%clk 0:00:55]} 26. Nd4 {[%clk 0:00:20]}  Bg3 {[%clk 0:00:51]} 27. Qf3 {[%clk 0:00:15]}  Bh4 {[%clk 0:00:51]} 28. g3 {[%clk 0:00:15]}  Rxc4 {[%clk 0:00:49]} 29. Ne2 {[%clk 0:00:10]}  Bxh3 {[%clk 0:00:49]} 30. gxh4 {[%clk 0:00:10]}  Bxf1 {[%clk 0:00:49]} 31. Rxf1 {[%clk 0:00:11]}  Qxh4 {[%clk 0:00:49]} 32. Qe3 {[%clk 0:00:06]}  Qg4+ {[%clk 0:00:49]} 33. Ng3 {[%clk 0:00:06]}  Rc8 {[%clk 0:00:43]} 34. Qf3 {[%clk 0:00:05]}  Qh3 {[%clk 0:00:42]} 35. f5 {[%clk 0:00:05]}  Rc4 {[%clk 0:00:38]} 36. f6 {[%clk 0:00:04]}  Rg4 {[%clk 0:00:36]} 37. Kf2 {[%clk 0:00:04]}  Qh2+ {[%clk 0:00:34]} 38. Ke1 {[%clk 0:00:03]}  Qxg3+ {[%clk 0:00:30]} 39. Qxg3 {[%clk 0:00:03]}  Rxg3 {[%clk 0:00:31]} 40. fxg7 {[%clk 0:00:04]}  Rg2 {[%clk 0:00:21]} 41. a3 {[%clk 0:00:03]}  Rg3 {[%clk 0:00:21]} 42. Rf4 {[%clk 0:00:04]}  Rxa3 {[%clk 0:00:20]} 43. Rc4 {[%clk 0:00:04]}  Rb3 {[%clk 0:00:18]} 44. Rc7 {[%clk 0:00:04]}  a3 {[%clk 0:00:16]} 45. Rxb7 {[%clk 0:00:05]}  a2 {[%clk 0:00:16]} 46. Ra7 {[%clk 0:00:04]}  Rb1+ {[%clk 0:00:16]} 0-1

[Event "April 9 Early 2024"]
[Site "Chess.com"]
[Date "2024.04.09"]
[Round "3"]
[White "Shapiro, Viktor"]
[Black "Szczepanek, Radoslaw"]
[Result "1-0"]
[Board "158"]
[WhiteFideId "4175700"]
[BlackFideId "1120395"]
[WhiteTitle "FM"]
[BlackTitle "CM"]
[WhiteElo "2612"]
[BlackElo "2434"]
[WhiteTeam "RUS"]
[BlackTeam "POL"]
[WhiteClock "0:01:46"]
[BlackClock "0:00:04"]
[Variant "Standard"]

1. c4 {[%clk 0:03:00]}  c5 {[%clk 0:02:54]} 2. Nc3 {[%clk 0:02:56]}  Nc6 {[%clk 0:02:54]} 3. g3 {[%clk 0:02:55]}  g6 {[%clk 0:02:54]} 4. Bg2 {[%clk 0:02:55]}  Bg7 {[%clk 0:02:54]} 5. Nf3 {[%clk 0:02:53]}  e5 {[%clk 0:02:55]} 6. d3 {[%clk 0:02:53]}  d6 {[%clk 0:02:54]} 7. O-O {[%clk 0:02:53]}  Nge7 {[%clk 0:02:54]} 8. a3 {[%clk 0:02:53]}  a5 {[%clk 0:02:54]} 9. Rb1 {[%clk 0:02:53]}  O-O {[%clk 0:02:54]} 10. Ne1 {[%clk 0:02:54]}  Be6 {[%clk 0:02:53]} 11. Nc2 {[%clk 0:02:54]}  d5 {[%clk 0:02:52]} 12. b3 {[%clk 0:02:53]}  Rb8 {[%clk 0:02:50]} 13. e4 {[%clk 0:02:52]}  d4 {[%clk 0:02:48]} 14. Nb5 {[%clk 0:02:49]}  Kh8 {[%clk 0:02:44]} 15. b4 {[%clk 0:02:49]}  b6 {[%clk 0:02:36]} 16. bxc5 {[%clk 0:02:46]}  bxc5 {[%clk 0:02:35]} 17. Na1 {[%clk 0:02:47]}  f5 {[%clk 0:02:34]} 18. Nb3 {[%clk 0:02:46]}  fxe4 {[%clk 0:02:22]} 19. Nxc5 {[%clk 0:02:42]}  Qc8 {[%clk 0:02:14]} 20. Nxe6 {[%clk 0:02:25]}  Qxe6 {[%clk 0:02:13]} 21. Bxe4 {[%clk 0:02:26]}  Na7 {[%clk 0:01:49]} 22. a4 {[%clk 0:02:24]}  Nxb5 {[%clk 0:01:30]} 23. axb5 {[%clk 0:02:22]}  Nf5 {[%clk 0:01:25]} 24. Ba3 {[%clk 0:02:20]}  Rf7 {[%clk 0:01:15]} 25. Bd5 {[%clk 0:02:20]}  Qf6 {[%clk 0:01:14]} 26. Bxf7 {[%clk 0:02:20]}  Qxf7 {[%clk 0:01:15]} 27. Qf3 {[%clk 0:02:18]}  Qe6 {[%clk 0:01:11]} 28. b6 {[%clk 0:02:13]}  Ne7 {[%clk 0:01:04]} 29. b7 {[%clk 0:02:08]}  Qd7 {[%clk 0:00:35]} 30. Rb5 {[%clk 0:02:04]}  Nc6 {[%clk 0:00:32]} 31. Rfb1 {[%clk 0:02:02]}  Na7 {[%clk 0:00:21]} 32. Rxa5 {[%clk 0:01:57]}  Nc6 {[%clk 0:00:22]} 33. Ra6 {[%clk 0:01:52]}  Nd8 {[%clk 0:00:13]} 34. Ra8 {[%clk 0:01:51]}  Qc7 {[%clk 0:00:11]} 35. Qd5 {[%clk 0:01:47]}  Nc6 {[%clk 0:00:04]} 36. Qxc6 {[%clk 0:01:46]} 1-0

[Event "April 9 Early 2024"]
[Site "Chess.com"]
[Date "2024.04.09"]
[Round "3"]
[White "Kuznecova, Marija"]
[Black "Novoselov, Roman"]
[Result "1-0"]
[Board "159"]
[WhiteFideId "11618736"]
[BlackFideId "4135067"]
[WhiteTitle "WCM"]
[BlackTitle "FM"]
[WhiteElo "2433"]
[BlackElo "2611"]
[WhiteTeam "LAT"]
[BlackTeam "RUS"]
[WhiteClock "0:00:09"]
[BlackClock "0:00:00"]
[Variant "Standard"]

1. e4 {[%clk 0:03:00]}  e6 {[%clk 0:02:59]} 2. d4 {[%clk 0:03:00]}  d5 {[%clk 0:02:59]} 3. Nc3 {[%clk 0:03:01]}  Nf6 {[%clk 0:02:58]} 4. e5 {[%clk 0:03:01]}  Nfd7 {[%clk 0:02:58]} 5. f4 {[%clk 0:03:02]}  c5 {[%clk 0:02:59]} 6. Nf3 {[%clk 0:03:02]}  Nc6 {[%clk 0:02:59]} 7. Be3 {[%clk 0:03:03]}  a6 {[%clk 0:02:42]} 8. Qd2 {[%clk 0:02:54]}  g6 {[%clk 0:02:37]} 9. dxc5 {[%clk 0:02:45]}  Bxc5 {[%clk 0:02:34]} 10. Bxc5 {[%clk 0:01:53]}  Nxc5 {[%clk 0:02:33]} 11. Bd3 {[%clk 0:01:51]}  b5 {[%clk 0:02:26]} 12. O-O {[%clk 0:01:49]}  Qb6 {[%clk 0:01:55]} 13. Kh1 {[%clk 0:01:48]}  b4 {[%clk 0:01:52]} 14. Ne2 {[%clk 0:01:47]}  a5 {[%clk 0:01:51]} 15. Qe3 {[%clk 0:01:35]}  Rb8 {[%clk 0:01:37]} 16. Nfd4 {[%clk 0:01:12]}  Nxd4 {[%clk 0:01:25]} 17. Nxd4 {[%clk 0:01:13]}  Ba6 {[%clk 0:01:23]} 18. Bxa6 {[%clk 0:01:03]}  Qxa6 {[%clk 0:01:22]} 19. Rad1 {[%clk 0:00:44]}  Ne4 {[%clk 0:01:15]} 20. g4 {[%clk 0:00:43]}  h5 {[%clk 0:01:09]} 21. f5 {[%clk 0:00:34]}  hxg4 {[%clk 0:01:00]} 22. fxe6 {[%clk 0:00:33]}  fxe6 {[%clk 0:00:55]} 23. Qf4 {[%clk 0:00:31]}  Rb7 {[%clk 0:00:19]} 24. Qxg4 {[%clk 0:00:24]}  Rbh7 {[%clk 0:00:12]} 25. Qxg6+ {[%clk 0:00:20]}  Kd8 {[%clk 0:00:10]} 26. Nxe6+ {[%clk 0:00:07]}  Qxe6 {[%clk 0:00:10]} 27. Qxe6 {[%clk 0:00:08]}  Rxh2+ {[%clk 0:00:10]} 28. Kg1 {[%clk 0:00:08]}  Rh1+ {[%clk 0:00:10]} 29. Kg2 {[%clk 0:00:08]}  R8h2+ {[%clk 0:00:09]} 30. Kf3 {[%clk 0:00:08]}  Ng5+ {[%clk 0:00:00]} 31. Kg3 {[%clk 0:00:09]} 1-0

[Event "April 9 Early 2024"]
[Site "Chess.com"]
[Date "2024.04.10"]
[Round "3"]
[White "Vrashank Chouhan"]
[Black "Ambartsumova, Karina"]
[Result "0-1"]
[Board "161"]
[WhiteFideId "25944240"]
[BlackFideId "4166299"]
[WhiteTitle "FM"]
[BlackTitle "IM"]
[WhiteElo "2427"]
[BlackElo "2609"]
[WhiteTeam "IND"]
[BlackTeam "RUS"]
[WhiteClock "0:00:01"]
[BlackClock "0:00:37"]
[Variant "Standard"]

1. Nf3 {[%clk 0:02:56]}  Nf6 {[%clk 0:02:59]} 2. e3 {[%clk 0:02:56]}  g6 {[%clk 0:02:58]} 3. b3 {[%clk 0:02:55]}  Bg7 {[%clk 0:02:58]} 4. Bb2 {[%clk 0:02:56]}  O-O {[%clk 0:02:59]} 5. d4 {[%clk 0:02:56]}  c5 {[%clk 0:02:58]} 6. dxc5 {[%clk 0:02:55]}  Qa5+ {[%clk 0:02:56]} 7. Nbd2 {[%clk 0:02:55]}  Qxc5 {[%clk 0:02:48]} 8. a3 {[%clk 0:02:53]}  Qc7 {[%clk 0:02:46]} 9. Be2 {[%clk 0:02:44]}  d5 {[%clk 0:02:44]} 10. O-O {[%clk 0:02:45]}  Nc6 {[%clk 0:02:41]} 11. c4 {[%clk 0:02:44]}  Rd8 {[%clk 0:02:30]} 12. cxd5 {[%clk 0:02:25]}  Nxd5 {[%clk 0:02:30]} 13. Bxg7 {[%clk 0:02:23]}  Kxg7 {[%clk 0:02:31]} 14. Rc1 {[%clk 0:02:24]}  Bg4 {[%clk 0:02:13]} 15. Qc2 {[%clk 0:02:22]}  Rac8 {[%clk 0:02:07]} 16. b4 {[%clk 0:02:19]}  a6 {[%clk 0:02:04]} 17. h3 {[%clk 0:02:16]}  Bxf3 {[%clk 0:01:54]} 18. Nxf3 {[%clk 0:02:09]}  e5 {[%clk 0:01:36]} 19. Rfd1 {[%clk 0:02:07]}  Qe7 {[%clk 0:01:33]} 20. Qb2 {[%clk 0:01:56]}  f6 {[%clk 0:01:25]} 21. b5 {[%clk 0:01:31]}  axb5 {[%clk 0:01:25]} 22. Qxb5 {[%clk 0:01:31]}  Na7 {[%clk 0:01:05]} 23. Qa5 {[%clk 0:01:15]}  b6 {[%clk 0:01:06]} 24. Qa6 {[%clk 0:01:09]}  Nc3 {[%clk 0:01:02]} 25. Rxd8 {[%clk 0:00:21]}  Nxe2+ {[%clk 0:01:00]} 26. Qxe2 {[%clk 0:00:22]}  Rxc1+ {[%clk 0:00:55]} 27. Rd1 {[%clk 0:00:22]}  Qxa3 {[%clk 0:00:54]} 28. Rxc1 {[%clk 0:00:21]}  Qxc1+ {[%clk 0:00:55]} 29. Kh2 {[%clk 0:00:22]}  Qc7 {[%clk 0:00:52]} 30. g3 {[%clk 0:00:20]}  Qb7 {[%clk 0:00:46]} 31. Nd2 {[%clk 0:00:17]}  b5 {[%clk 0:00:44]} 32. Nb3 {[%clk 0:00:17]}  Qd5 {[%clk 0:00:44]} 33. Qc2 {[%clk 0:00:16]}  Nc6 {[%clk 0:00:43]} 34. e4 {[%clk 0:00:17]}  Qc4 {[%clk 0:00:42]} 35. Qb1 {[%clk 0:00:05]}  Nd4 {[%clk 0:00:40]} 36. Nd2 {[%clk 0:00:05]}  Qe2 {[%clk 0:00:38]} 37. Qc1 {[%clk 0:00:01]}  Qxf2+ {[%clk 0:00:37]} 0-1

[Event "April 9 Early 2024"]
[Site "Chess.com"]
[Date "2024.04.09"]
[Round "3"]
[White "Tulchynskyi, Feliks"]
[Black "Wael Sabry, Mina"]
[Result "0-1"]
[Board "162"]
[WhiteFideId "34127895"]
[BlackFideId "10670173"]
[WhiteTitle "FM"]
[BlackTitle "CM"]
[WhiteElo "2607"]
[BlackElo "2425"]
[WhiteTeam "UKR"]
[BlackTeam "EGY"]
[WhiteClock "0:00:02"]
[BlackClock "0:00:19"]
[Variant "Standard"]

1. e4 {[%clk 0:02:57]}  c5 {[%clk 0:02:59]} 2. Nf3 {[%clk 0:02:50]}  d6 {[%clk 0:02:59]} 3. Bb5+ {[%clk 0:02:49]}  Nd7 {[%clk 0:02:59]} 4. O-O {[%clk 0:02:49]}  a6 {[%clk 0:02:59]} 5. Be2 {[%clk 0:02:49]}  Ngf6 {[%clk 0:02:58]} 6. Nc3 {[%clk 0:02:48]}  e5 {[%clk 0:02:45]} 7. a4 {[%clk 0:02:47]}  Rb8 {[%clk 0:02:45]} 8. Ne1 {[%clk 0:02:35]}  Be7 {[%clk 0:02:41]} 9. g3 {[%clk 0:02:34]}  O-O {[%clk 0:02:41]} 10. Ng2 {[%clk 0:02:33]}  b6 {[%clk 0:02:37]} 11. Ne3 {[%clk 0:02:33]}  Bb7 {[%clk 0:02:37]} 12. f3 {[%clk 0:02:29]}  Qc8 {[%clk 0:02:33]} 13. Rf2 {[%clk 0:02:26]}  Bc6 {[%clk 0:02:33]} 14. Qf1 {[%clk 0:02:22]}  Ra8 {[%clk 0:02:23]} 15. Bc4 {[%clk 0:02:09]}  Qb7 {[%clk 0:02:19]} 16. Nf5 {[%clk 0:02:03]}  Rfe8 {[%clk 0:02:11]} 17. b3 {[%clk 0:01:56]}  Bf8 {[%clk 0:02:11]} 18. Rb1 {[%clk 0:01:46]}  Reb8 {[%clk 0:02:06]} 19. Ne3 {[%clk 0:01:32]}  b5 {[%clk 0:02:02]} 20. axb5 {[%clk 0:01:32]}  axb5 {[%clk 0:02:03]} 21. Bd5 {[%clk 0:01:32]}  b4 {[%clk 0:01:58]} 22. Bxc6 {[%clk 0:01:32]}  Qxc6 {[%clk 0:01:59]} 23. Ncd5 {[%clk 0:01:32]}  Nxd5 {[%clk 0:01:58]} 24. exd5 {[%clk 0:01:29]}  Qa6 {[%clk 0:01:53]} 25. Nc4 {[%clk 0:01:26]}  Nb6 {[%clk 0:01:49]} 26. f4 {[%clk 0:01:16]}  e4 {[%clk 0:01:32]} 27. f5 {[%clk 0:00:54]}  Nxd5 {[%clk 0:01:29]} 28. Qe2 {[%clk 0:00:39]}  Re8 {[%clk 0:01:28]} 29. Bb2 {[%clk 0:00:37]}  Qb7 {[%clk 0:00:42]} 30. Qg4 {[%clk 0:00:30]}  f6 {[%clk 0:00:38]} 31. Re1 {[%clk 0:00:28]}  e3 {[%clk 0:00:34]} 32. dxe3 {[%clk 0:00:25]}  Qf7 {[%clk 0:00:33]} 33. e4 {[%clk 0:00:22]}  Nc7 {[%clk 0:00:33]} 34. Rd2 {[%clk 0:00:20]}  d5 {[%clk 0:00:32]} 35. Nb6 {[%clk 0:00:18]}  Ra2 {[%clk 0:00:30]} 36. Bc1 {[%clk 0:00:15]}  d4 {[%clk 0:00:28]} 37. Nc4 {[%clk 0:00:15]}  Nb5 {[%clk 0:00:27]} 38. e5 {[%clk 0:00:15]}  fxe5 {[%clk 0:00:25]} 39. Nxe5 {[%clk 0:00:16]}  Qf6 {[%clk 0:00:25]} 40. Rde2 {[%clk 0:00:16]}  Nc3 {[%clk 0:00:24]} 41. Bg5 {[%clk 0:00:10]}  Nxe2+ {[%clk 0:00:24]} 42. Qxe2 {[%clk 0:00:11]}  Rxe5 {[%clk 0:00:19]} 43. Qc4+ {[%clk 0:00:04]}  Qf7 {[%clk 0:00:19]} 44. Rxe5 {[%clk 0:00:03]}  Qxc4 {[%clk 0:00:18]} 45. bxc4 {[%clk 0:00:04]}  Rxc2 {[%clk 0:00:19]} 46. Re8 {[%clk 0:00:05]}  Kf7 {[%clk 0:00:19]} 47. Rc8 {[%clk 0:00:05]}  b3 {[%clk 0:00:19]} 48. Rc7+ {[%clk 0:00:05]}  Ke8 {[%clk 0:00:19]} 49. Rc8+ {[%clk 0:00:05]}  Kd7 {[%clk 0:00:19]} 50. Rd8+ {[%clk 0:00:03]}  Kc6 {[%clk 0:00:18]} 51. Rc8+ {[%clk 0:00:03]}  Kb7 {[%clk 0:00:19]} 52. Rxf8 {[%clk 0:00:02]}  b2 {[%clk 0:00:19]} 53. Rf7+ {[%clk 0:00:01]}  Ka6 {[%clk 0:00:18]} 54. Rf8 {[%clk 0:00:01]}  b1=Q+ {[%clk 0:00:18]} 55. Bc1 {[%clk 0:00:02]}  Qxc1# {[%clk 0:00:19]} 0-1